Normal view MARC view

Entry Corporate Name

Number of records used in: 2

001 - CONTROL NUMBER

  • control field: 1939

003 - CONTROL NUMBER IDENTIFIER

  • control field: OSt

005 - DATE AND TIME OF LATEST TRANSACTION

  • control field: 20230629122914.0

008 - FIXED-LENGTH DATA ELEMENTS

  • fixed length control field: 230629|| aca||aabn | a|a d

040 ## - CATALOGING SOURCE

  • Original cataloging agency: OSt
  • Transcribing agency: OSt

110 ## - HEADING--CORPORATE NAME

  • Subordinate unit: Parliament of Ghana

670 ## - SOURCE DATA FOUND

  • Source citation: Work cat.: (OSt): Parliament of Ghana, Companies Act, 2019 (Act 992). /, 2019.

If you have any concerns or questions; kindly contact the library


© Powered by WIUC ICT DIRECTORATE